| 000 | 00612nam a2200217Ia 4500 | ||
|---|---|---|---|
| 008 | 160517s9999 xx 000 0 und d | ||
| 050 | _aHD 28 | ||
| 050 | _b.F295 2016 | ||
| 100 | _aFegarido, Ernesto Jr M. | ||
| 245 | _aInventory management system for gorio general merchandise / | ||
| 245 | _cErnesto M. Fegarido Jr. | ||
| 260 | _aLas PiƱas, Philippines : | ||
| 260 | _bSISC, | ||
| 260 | _c2016. | ||
| 300 | _a149 pages : | ||
| 300 | _billustrations ; | ||
| 300 | _c28 cm. | ||
| 500 | _aIncludes bibliographical references and appendices. | ||
| 521 | _aInformation Technology | ||
| 942 | _cTH | ||
| 999 |
_c293917 _d293917 |
||